000 01524nam a2200241 a 4500
008 080109s1965 ||||||||||||||||| || u
020 _a0910129002
050 _aHD 31 Sol
100 _aSolomons, David
245 1 0 _aDivisional performance: measurement and control
260 _aNew York
_bMarkus Weiner
_c1965
300 _axii, 308p. : ill.
350 _a0.00
650 _aMANAGEMENT PERFORMANCE
650 0 _aMANAGEMENT
995 _aTEXTBOOKS (SB)
_D0.00
_e1074
_FCBU-SCHOOL TEXTBOOK COLLECTIONS
_H1
_I0.00
_jSCHOOL TEXTBOOK
_M5
_UAVAILABLE
_WSep 15, 2009
_y1074
_ZSchool Collections
995 _aANNEX COLLECTION (Main Library)
_D0.00
_e708527
_FCBU-MAIN LIBRARY (Kitwe)
_H2
_I6.00
_jHD 31 Sol
_M1
_UAVAILABLE
_y003447
_ZAnnex Low-Usage Collection
995 _aTEXTBOOKS (SB)
_D0.00
_e1072
_FCBU-SCHOOL TEXTBOOK COLLECTIONS
_H1
_I0.00
_jSCHOOL TEXTBOOK
_M3
_UAVAILABLE
_WSep 15, 2009
_y1072
_ZSchool Collections
995 _aTEXTBOOKS (SB)
_D0.00
_e01448
_FCBU-SCHOOL TEXTBOOK COLLECTIONS
_H1
_I0.00
_jSCHOOL TEXTBOOK
_M7
_UAVAILABLE
_WSep 22, 2009
_y01448
_ZSchool Collections
995 _aTEXTBOOKS (SB)
_D0.00
_e1075
_FCBU-SCHOOL TEXTBOOK COLLECTIONS
_H1
_I0.00
_jSCHOOL TEXTBOOK
_M6
_UAVAILABLE
_WSep 15, 2009
_y1075
_ZSchool Collections
995 _aTEXTBOOKS (SB)
_D0.00
_e1073
_FCBU-SCHOOL TEXTBOOK COLLECTIONS
_H1
_I0.00
_jSCHOOL TEXTBOOK
_M4
_UAVAILABLE
_WSep 15, 2009
_y1073
_ZSchool Collections
995 _aANNEX COLLECTION (Main Library)
_D0.00
_e708528
_FCBU-MAIN LIBRARY (Kitwe)
_H1
_I6.00
_jHD 31 Sol
_M2
_UAVAILABLE
_y003448
_ZAnnex Low-Usage Collection
999 _c75536
_d75536